Operations research : an introduction (Record no. 300379)

MARC details
000 -LEADER
fixed length control field 00390nam a22001577a 4500
005 - DATE AND TIME OF LATEST TRANSACTION
control field 20250707142612.0
008 - FIXED-LENGTH DATA ELEMENTS--GENERAL INFORMATION
fixed length control field 250707b |||||||| |||| 00| 0 eng d
020 ## - INTERNATIONAL STANDARD BOOK NUMBER
International Standard Book Number 9788131785942
082 ## - DEWEY DECIMAL CLASSIFICATION NUMBER
Classification number 001.424 TAH;1 R
100 ## - MAIN ENTRY--PERSONAL NAME
Personal name Taha, Hamdy A.
245 ## - TITLE STATEMENT
Title Operations research : an introduction
250 ## - EDITION STATEMENT
Edition statement 9th ed.
260 ## - PUBLICATION, DISTRIBUTION, ETC. (IMPRINT)
Place of publication, distribution, etc. New Delhi
Name of publisher, distributor, etc. Pearson
Date of publication, distribution, etc. 2012
300 ## - PHYSICAL DESCRIPTION
Extent 824
942 ## - ADDED ENTRY ELEMENTS (KOHA)
Koha item type Law Books
Holdings
Date last seen Total Checkouts Full call number Accession number Date checked out Copy number Price effective from Category Lost status Source of classification or shelving scheme Damaged status Department Withdrawn status Permanent Location Current Location Shelving location Entry date Grants
01/12/2025 1 001.424 TAH;1 R LL3930 17/11/2025 1 07/07/2025 Law Books   Dewey Decimal Classification   LAW   Law Library Law Library Law Library 26/06/2025 Donated

© For any Suggestions or Query, please contact the library staff @ librarian@pes.edu or Phone: +9180 2672 1983/ 2108.